Information technology for management : (Record no. 9636)

MARC details
000 -LEADER
fixed length control field 00448nam a22001457a 4500
008 - FIXED-LENGTH DATA ELEMENTS--GENERAL INFORMATION
fixed length control field 230801b |||||||| |||| 00| 0 eng d
020 ## - INTERNATIONAL STANDARD BOOK NUMBER
International Standard Book Number 978-81-265-7980-8
082 ## - DEWEY DECIMAL CLASSIFICATION NUMBER
Classification number 658.403
100 ## - MAIN ENTRY--PERSONAL NAME
Personal name E. Turban, Linda Volonino, Gregory R. Wood
245 ## - TITLE STATEMENT
Title Information technology for management :
Remainder of title advancing sustainable, profitable business growth
250 ## - EDITION STATEMENT
Edition statement 2nd Edition
260 ## - PUBLICATION, DISTRIBUTION, ETC.
Place of publication, distribution, etc. New Delhi
Name of publisher, distributor, etc. Wiley,
Date of publication, distribution, etc. 2019
300 ## - PHYSICAL DESCRIPTION
Extent 365 p,
Dimensions 28cm
942 ## - Added entry Elements (Koha)
Source of classification or shelving scheme Dewey Decimal Classification
Holdings
Withdrawn status Lost status Source of classification or shelving scheme Damaged status Not for loan Collection code Home library Current library Shelving location Date acquired Serial Enumeration / chronology Total Checkouts Total Renewals Full call number Barcode Date last seen Date last checked out Price effective from Koha item type
    Dewey Decimal Classification     Main TEST RTC Library RTC Library Main opac 01/08/2023 177701 1 1 658.403 TUR 30018157 14/12/2023 08/08/2023 01/08/2023 Main
Royal Thimphu College || All Right Reserved